书目信息 |
| 题名: |
防水工手册
|
|
| 作者: | 叶琳昌 主编 | |
| 分册: | ||
| 出版信息: | 北京 中国建筑工业出版社 2001.01 |
|
| 页数: | 722页 | |
| 开本: | 20cm | |
| 丛书名: | ||
| 单 册: | ||
| 中图分类: | TU761.1-62 | |
| 科图分类: | ||
| 主题词: | 建筑工程--工程施工 | |
| 电子资源: | ||
| ISBN: | 7-112-04435-9 | |
| 000 | 00565nam0 2200193 45 | |
| 001 | 0232174664 | |
| 005 | 2002041708561466 | |
| 010 | @a7-112-04435-9@dRMB 29.00 | |
| 100 | @a20020417d2001 km y0chiy0120 ea | |
| 101 | 0 | @achi |
| 102 | @aCN@b110000 | |
| 200 | 1 | @a防水工手册@Afang shui gong shou ce@f叶琳昌主编@FYe Lin Chang Zhu Bian |
| 210 | @a北京@c中国建筑工业出版社@d2001.01 | |
| 215 | @a722页@d20cm | |
| 606 | 0 | @a建筑工程@x工程施工 |
| 690 | @aTU761.1-62@v3 | |
| 701 | 0 | @a叶琳昌@AYe Lin Chang@4主编 |
| 801 | 0 | @aCN@bPFT@c20020417 |
| 905 | @a10447@dTU761.1-62@eY436 | |
| 防水工手册/叶琳昌主编.-北京:中国建筑工业出版社,2001.01 |
| 722页;20cm |
| ISBN 7-112-04435-9:RMB 29.00 |
| ● |
| 相关链接 |
|
|
|
正题名:防水工手册
索取号:TU761.1-62/Y436
 
预约/预借
| 序号 | 登录号 | 条形码 | 馆藏地/架位号 | 状态 | 备注 |
| 1 | 369930 | 203699300 | 建筑库201/201建筑库 45排3列1层/ [索取号:TU761.1-62/Y436] | 在馆 | |
| 2 | 369931 | 203699319 | 建筑库201/201建筑库 45排3列1层/ [索取号:TU761.1-62/Y436] | 在馆 | |
| 3 | 369932 | 203699328 | 建筑库201/201建筑库 45排3列1层/ [索取号:TU761.1-62/Y436] | 在馆 | |
| 4 | 369933 | 203699337 | 建筑库201/201建筑库 45排3列1层/ [索取号:TU761.1-62/Y436] | 在馆 | |
| 5 | 369934 | 203699346 | 建筑库201/201建筑库 45排3列1层/ [索取号:TU761.1-62/Y436] | 在馆 |